<?xml version="1.0" encoding="UTF-8"?>
<marc:record xmlns:marc="http://www.loc.gov/MARC21/slim">
   <marc:leader>00000nam a2200000 a 4500</marc:leader>
   <marc:datafield ind1="1" ind2=" " tag="100">
      <marc:subfield code="a">Batra, Anil</marc:subfield>
      <marc:subfield code="4">ctb</marc:subfield>
      <marc:subfield code="e">Mitwirkende/-r</marc:subfield>
   </marc:datafield>
   <marc:datafield ind1="1" ind2=" " tag="100">
      <marc:subfield code="a">Bilke-Hentsch, Oliver</marc:subfield>
      <marc:subfield code="4">ctb</marc:subfield>
      <marc:subfield code="e">Mitwirkende/-r</marc:subfield>
   </marc:datafield>
   <marc:datafield ind1=" " ind2=" " tag="653">
      <marc:subfield code="a">Jugend</marc:subfield>
   </marc:datafield>
   <marc:datafield ind1=" " ind2=" " tag="653">
      <marc:subfield code="a">Sucht</marc:subfield>
   </marc:datafield>
   <marc:datafield ind1=" " ind2=" " tag="653">
      <marc:subfield code="a">Psychotherapie</marc:subfield>
   </marc:datafield>
   <marc:datafield ind1="0" ind2="0" tag="245">
      <marc:subfield code="a">Praxisbuch Sucht</marc:subfield>
   </marc:datafield>
   <marc:datafield ind1="0" ind2="0" tag="245">
      <marc:subfield code="b">Therapie der Suchterkrankungen im Jugend- und Erwachsenenalter ; 52 Tabellen</marc:subfield>
   </marc:datafield>
   <marc:datafield ind1="0" ind2="0" tag="245">
      <marc:subfield code="c">Anil Batra ...</marc:subfield>
   </marc:datafield>
   <marc:datafield ind1=" " ind2="1" tag="264">
      <marc:subfield code="a">Stuttgart</marc:subfield>
      <marc:subfield code="b">Thieme</marc:subfield>
   </marc:datafield>
   <marc:datafield ind1="1" ind2=" " tag="520">
      <marc:subfield code="a">Angaben aus der Verlagsmeldung

Praxishandbuch Suchttherapie (AT) : Frühintervention, Akuttherapie und Entwöhnung / von Oliver Bilke, Anil Batra

Suchtmedizinische Grundversorgung

Übersichtliche Darstellung aller wesentlichen Substanzen mit exakter Charakteristika, Epidemologie und sozikulturellen Besonderheiten differenziert nach Kindern, Jugendlichen und Erwachsenen

Ausführliche Beschreibung der Akuttherapie und der Postakutbehandlung bei jeder Substanz

Praxisnahe Vorstellung der allgemeinen Grundlagen und der verschiedenen Psychotherapeutischen Verfahren

Das Buch zur Qualifikation "Suchtmedizinische Grundversorgung" basierend auf der Behandlungsleitlinie der DG-Sucht e. V. und der DGPPN

Ideal als Einstieg in die Suchtarbeit und als Grundlage für eine Spezialisierung in Suchtmedizin oder Suchttherapie

Aus dem Inhalt:

Allgemeine Grundlagen
Psychotherapeutiche Verfahren

Spezifische Substanzen:
Alkohol
Tabak
THC und XTC
Opitate
Kokain
Tranquilizer, Sedativa, Analgetika, Tilidin
Psychostimulantien
Biodrogen
GBL / GHB
Polyvalenter Konsum
Glücksspiel
Computer / Internet
Andere stoffungebundene Abhängigkeiten
</marc:subfield>
   </marc:datafield>
   <marc:datafield ind1=" " ind2=" " tag="020">
      <marc:subfield code="a">9783131492012</marc:subfield>
      <marc:subfield code="9">9783131492012</marc:subfield>
   </marc:datafield>
   <marc:datafield ind1=" " ind2=" " tag="041">
      <marc:subfield code="a">ger</marc:subfield>
   </marc:datafield>
   <marc:datafield ind1=" " ind2=" " tag="300">
      <marc:subfield code="a">XV, 235 S.</marc:subfield>
   </marc:datafield>
</marc:record>
